Normal view MARC view

Entry Nombre personal

Number of records used in: 1

001 - NÚMERO DE CONTROL

  • campo de control: 30007

003 - IDENTIFICADOR DEL NÚMERO DE CONTROL

  • campo de control: FranzMayer

005 - FECHA Y HORA DE LA ÚLTIMA TRANSACCIÓN

  • campo de control: 20231011105701.0

008 - DATOS DE LONGITUD FIJA

  • campo de control de longitud fija: 231011|| aca||aabn | a|a d

040 ## - FUENTE DE LA CATALOGACIÓN

  • Centro catalogador/agencia de origen: FranzMayer
  • Centro/agencia transcriptor: FranzMayer

100 ## - ENCABEZAMIENTO-NOMBRE DE PERSONA

  • Nombre de persona: Welti, Paul

670 ## - FUENTE DE DATOS ENCONTRADOS

  • Cita de la fuente: Work cat.: (FranzMayer)11081: Autor Sayer, Chloë 30002, Textiles from Mexico, 2002